00321nam a2200109Ia 4500008004100000020001500041100002800056245006300084260003800147300001300185650001300198180309s9999 xx 000 0 und d a9719238208 aDr. Wilkinson, Bruce H. 4aThe prayer breaking through to the blessed life of Jabez / aQuezon City :b2000cMultomah Pub a86 pages aReligion